000 00613nam a2200229Ia 4500
005 20250526125449.0
008 131103s9999 xx 000 0 und d
020 _a0 19 281597 0
040 _aLoreto College
041 _aEnglish
082 _a821
_bCHA
100 _aChaucer,Geoffrey
245 _aCanterbury Tales
_cGeoffrey Chaucer; translated by David Wright
260 _aOxford
_bOxford University Prees
_c1986
300 _axxvii,482p.
440 _aWorld's classics
504 _aIncludes notes
650 _aEnglish poetry
700 _aWright, David; tr.
850 _aLCBED
942 _cBK
999 _c29597
_d80076